| 000 | 00416nam a22001697a 4500 | ||
|---|---|---|---|
| 003 | OSt | ||
| 005 | 20211123101829.0 | ||
| 008 | 211123b |||||||| |||| 00| 0 eng d | ||
| 020 | _a0-340-81671-6 | ||
| 040 |
_addc _chu |
||
| 082 |
_21st _a616.0757 _b1 |
||
| 100 |
_aSAMY A.AZER _919990 |
||
| 245 | _aBASIC BIOMEDICAL SCIENCE | ||
| 250 | _a1ST | ||
| 260 |
_aLONDON _bHODDER ARNOLD GROUP _c2006 |
||
| 942 |
_2ddc _cBOOKS _n0 |
||
| 999 |
_c19653 _d19653 |
||